[Event "Olympiad Women-43"]
[Site "Batumi"]
[Date "2018.10.05"]
[Round "11.4"]
[White "Usupbekova, Zarina"]
[Black "Pinilla Delgado, Sofia Ignacia"]
[Result "1-0"]
[WhiteElo "1572"]
[BlackElo "1710"]
[PlyCount "77"]
[EventDate "2018.09.24"]
[EventType "team-swiss"]
[EventRounds "11"]
[EventCountry "GEO"]
[SourceTitle "EXT 2020"]
[Source "ChessBase"]
[SourceDate "2019.10.17"]
[SourceVersion "1"]
[SourceVersionDate "2019.10.17"]
[SourceQuality "1"]
[WhiteTeam "Kyrgyzstan (W)"]
[BlackTeam "Chile (W)"]
[WhiteTeamCountry "KGZ"]
[BlackTeamCountry "CHI"]

1. e4 d6 2. d4 Nf6 3. Nc3 Nbd7 4. f4 e5 5. fxe5 dxe5 6. dxe5 Nxe5 7. Qxd8+ Kxd8 8. Bf4 Bd6 9. 0-0-0 Bd7 10. Nf3 Nxf3 11. Bxd6 cxd6 12. gxf3 Ke7 13. Bc4 Rac8 14. Rd4 Bc6 15. Rhd1 Rhd8 16. Bf1 a6 17. a4 g5 18. Bh3 Bd7 19. Bxd7 Rxd7 20. Ne2 Nh5 21. Ng3 Nxg3 22. hxg3 h5 23. Rd5 f6 24. Rh1 Rh8 25. f4 gxf4 26. gxf4 h4 27. Rd3 Ke6 28. Rdh3 Rdh7 29. Kd2 Rh5 30. Ke3 f5 31. exf5+ Kxf5 32. Kf3 R5h6 33. Rd1 Rc8 34. Rd2 Rc4 35. Rd5+ Ke6 36. Rd2 Rxa4 37. Rdh2 Ra2 38. b3 a5 39. Kg4 1-0

[Event "Santa Rosa Region (Women)"]
[Site "Santa Rosa"]
[Date "2018.07.14"]
[Round "3.6"]
[White "Pinilla Delgado, Sofia Ignacia"]
[Black "Galvez Aguirre, Valentina"]
[Result "1-0"]
[WhiteElo "1687"]
[BlackElo "1101"]
[PlyCount "55"]
[EventDate "2018.07.14"]
[EventType "swiss"]
[EventRounds "6"]
[EventCountry "CHI"]
[SourceTitle "EXT 2024"]
[Source "ChessBase"]
[SourceDate "2023.10.10"]
[SourceVersion "1"]
[SourceVersionDate "2023.10.10"]
[SourceQuality "1"]

1. d4 c5 2. e3 cxd4 3. exd4 d5 4. Bd3 Nc6 5. c3 Nf6 6. Bf4 g6 7. Nd2 Bg7 8. Ngf3 Bg4 9. h3 Bxf3 10. Nxf3 0-0 11. Qd2 Qd7 12. 0-0 Rfc8 13. Rfe1 e6 14. Bh6 Rab8 15. Bxg7 Kxg7 16. a4 a6 17. Qe2 Ne8 18. h4 Nc7 19. Ne5 Nxe5 20. Qxe5+ Kg8 21. h5 Ne8 22. a5 Nc7 23. Re3 Re8 24. Rh3 b6 25. hxg6 fxg6 26. Bxg6 hxg6 27. Qh8+ Kf7 28. Qh7+ 1-0

[Event "Santiago IRT Glorias Navales"]
[Site "Santiago de Chile"]
[Date "2018.05.20"]
[Round "4.3"]
[White "Aravena Navarro, Alexis Andres"]
[Black "Pinilla Delgado, Sofia Ignacia"]
[Result "1-0"]
[WhiteElo "1941"]
[BlackElo "1711"]
[PlyCount "59"]
[EventDate "2018.05.19"]
[EventType "swiss"]
[EventRounds "5"]
[EventCountry "CHI"]
[SourceTitle "EXT 2024"]
[Source "ChessBase"]
[SourceDate "2023.10.10"]
[SourceVersion "1"]
[SourceVersionDate "2023.10.10"]
[SourceQuality "1"]

1. e4 d6 2. d4 Nf6 3. Nc3 e5 4. dxe5 dxe5 5. Qxd8+ Kxd8 6. Bc4 Be6 7. Bxe6 fxe6 8. Bg5 Bc5 9. Nf3 Nc6 10. 0-0 Ke7 11. Rad1 Rhf8 12. Na4 Bd6 13. c4 b6 14. c5 bxc5 15. Rc1 Nd4 16. Rfe1 h6 17. Bxf6+ Rxf6 18. Nd2 Rb8 19. b3 Rbf8 20. f3 Rg6 21. Kf2 Rb8 22. Nxc5 Rb5 23. Na4 Bb4 24. Red1 Bxd2 25. Rxd2 Kd6 26. f4 Rf6 27. Ke3 Rb4 28. fxe5+ Kxe5 29. Rc5+ Kd6 30. e5+ 1-0

[Event "Santiago Region-ch (Women) 2nd"]
[Site "Santiago de Chile"]
[Date "2018.04.15"]
[Round "6.1"]
[White "Pinilla Delgado, Sofia Ignacia"]
[Black "Sanchez Tobar, Francisca Valentina"]
[Result "0-1"]
[WhiteElo "1717"]
[BlackElo "1648"]
[PlyCount "64"]
[EventDate "2018.04.14"]
[EventType "swiss"]
[EventRounds "6"]
[EventCountry "CHI"]
[SourceTitle "EXT 2024"]
[Source "ChessBase"]
[SourceDate "2023.10.10"]
[SourceVersion "1"]
[SourceVersionDate "2023.10.10"]
[SourceQuality "1"]

1. e4 e5 2. Nf3 Nc6 3. Nc3 Nf6 4. Bb5 d6 5. h3 Bd7 6. d4 Be7 7. 0-0 0-0 8. Re1 exd4 9. Nxd4 Ne5 10. Bxd7 Qxd7 11. f4 Ng6 12. Qf3 Rfe8 13. Be3 Bf8 14. Rad1 c6 15. a4 Qd8 16. Bf2 Qc7 17. Rd2 Rad8 18. Kh1 Kh8 19. Red1 Rd7 20. Nf5 Red8 21. Nh4 Nxh4 22. Bxh4 Be7 23. Bg3 Ng8 24. Ne2 Bf6 25. b3 g6 26. Nd4 Kg7 27. f5 Be5 28. Bxe5+ dxe5 29. Ne6+ fxe6 30. Rxd7+ Rxd7 31. Rf1 exf5 32. exf5 Rf7 0-1

[Event "Wch U16 Girls"]
[Site "Montevideo"]
[Date "2017.09.24"]
[Round "9"]
[White "Blond Hanten, Elsa"]
[Black "Pinilla Delgado, Sofia Ignacia"]
[Result "1/2-1/2"]
[WhiteElo "1732"]
[BlackElo "1844"]
[PlyCount "96"]
[EventDate "2017.09.17"]
[EventType "swiss"]
[EventRounds "11"]
[EventCountry "URU"]
[SourceTitle "CBM 180 Extra"]
[Source "ChessBase"]
[SourceDate "2017.10.06"]
[SourceVersion "1"]
[SourceVersionDate "2017.10.06"]
[SourceQuality "1"]

1. e4 d6 2. d4 Nf6 3. Nc3 e5 4. Nf3 Nbd7 5. Bc4 Be7 6. 0-0 0-0 7. Re1 c6 8. a4 b6 9. Ba2 Qc7 10. Nh4 exd4 11. Qxd4 Ne5 12. Nf5 Bxf5 13. exf5 a6 14. Bf4 c5 15. Qe3 Nc6 16. Nd5 Nxd5 17. Bxd5 Bf6 18. c3 Rad8 19. Rad1 Ne5 20. Qg3 Qd7 21. Bb3 Qxf5 22. Rd2 Qc8 23. Bd5 Rfe8 24. Red1 Qd7 25. b3 Kh8 26. h3 Ng6 27. Qf3 Qf5 28. Bxd6 Qxf3 29. Bxf3 Bxc3 30. Rd3 Bf6 31. Bc6 Re6 32. Bb7 Bd4 33. Bg3 b5 34. axb5 axb5 35. Bf3 h6 36. Bg4 Ra6 37. Bh5 Rda8 38. Bf3 Re8 39. Bd5 Rf6 40. Rb1 Re2 41. Bf3 Re8 42. b4 Ne5 43. Bxe5 Rxe5 44. Kf1 Ra6 45. bxc5 Bxc5 46. Rxb5 Ra2 47. Rd5 Rxf2+ 48. Kg1 Rxf3+ 1/2-1/2

[Event "Wch U16 Girls"]
[Site "Montevideo"]
[Date "2017.09.22"]
[Round "7"]
[White "Aguilera Merlet, Melisa Paz"]
[Black "Pinilla Delgado, Sofia Ignacia"]
[Result "0-1"]
[WhiteElo "1464"]
[BlackElo "1844"]
[PlyCount "74"]
[EventDate "2017.09.17"]
[EventType "swiss"]
[EventRounds "11"]
[EventCountry "URU"]
[SourceTitle "CBM 180 Extra"]
[Source "ChessBase"]
[SourceDate "2017.10.06"]
[SourceVersion "1"]
[SourceVersionDate "2017.10.06"]
[SourceQuality "1"]

1. e4 d6 2. d4 Nf6 3. Nc3 e5 4. d5 Nbd7 5. Nf3 Be7 6. Be3 0-0 7. Be2 Nb6 8. h3 c6 9. 0-0 Ne8 10. a4 a5 11. dxc6 bxc6 12. Qd2 h6 13. Rfd1 Be6 14. Rab1 f5 15. exf5 Bxf5 16. Bxb6 Qxb6 17. Bc4+ Kh8 18. Bb3 Nc7 19. Re1 Rab8 20. Qe3 Qb7 21. Ne2 Na6 22. Ng3 Bg6 23. Qd2 Nc5 24. Bc4 Nxa4 25. b3 Nc5 26. Rbc1 e4 27. Qe3 Bf6 28. Nd4 Bg5 29. Qc3 Bxc1 30. Rxc1 Qc7 31. Re1 d5 32. Bf1 Qb6 33. Qd2 Rf6 34. Kh1 Rbf8 35. f3 Qc7 36. Qf2 exf3 37. Nxf3 Ne4 0-1

[Event "Wch U16 Girls"]
[Site "Montevideo"]
[Date "2017.09.22"]
[Round "6"]
[White "Pinilla Delgado, Sofia Ignacia"]
[Black "Tao, Ellen"]
[Result "1-0"]
[WhiteElo "1844"]
[BlackElo "1561"]
[PlyCount "120"]
[EventDate "2017.09.17"]
[EventType "swiss"]
[EventRounds "11"]
[EventCountry "URU"]
[SourceTitle "CBM 180 Extra"]
[Source "ChessBase"]
[SourceDate "2017.10.06"]
[SourceVersion "1"]
[SourceVersionDate "2017.10.06"]
[SourceQuality "1"]

1. c4 e5 2. g3 Nc6 3. Bg2 Nf6 4. Nc3 Bb4 5. Nf3 0-0 6. 0-0 a6 7. d3 d6 8. h3 Bd7 9. a3 Bc5 10. e3 Ba7 11. b4 Qc8 12. Kh2 Re8 13. Bb2 h6 14. Rc1 Nh7 15. Nd5 Ne7 16. Nxe7+ Rxe7 17. d4 exd4 18. Nxd4 Ng5 19. h4 Ne4 20. Qc2 Nf6 21. Ba1 Ng4+ 22. Kg1 Ne5 23. Qc3 f6 24. Ne2 c6 25. Qd2 Bb8 26. Nf4 Qe8 27. Nd3 g5 28. hxg5 hxg5 29. Nxe5 dxe5 30. f3 Be6 31. Kf2 Rd7 32. Qc2 Bc7 33. Rfd1 Rad8 34. Rxd7 Rxd7 35. Rh1 Qf7 36. Bf1 Bb6 37. Bd3 f5 38. Bxe5 Kf8 39. Rh8+ Ke7 40. Rh6 c5 41. Bf6+ Kd6 42. Bxg5 Kc7 43. Bf4+ Kc8 44. Be5 cxb4 45. axb4 Bc7 46. Bxc7 Kxc7 47. Qc3 Re7 48. Qe5+ Kd7 49. c5 Re8 50. Qd6+ Kc8 51. c6 b5 52. Rxe6 Rd8 53. Qe5 Qh5 54. Rd6 Qh2+ 55. Ke1 Qg1+ 56. Kd2 Qh2+ 57. Be2 Rxd6+ 58. Qxd6 Qh7 59. Qd7+ Qxd7+ 60. cxd7+ Kxd7 1-0

[Event "Wch U16 Girls"]
[Site "Montevideo"]
[Date "2017.09.18"]
[Round "3"]
[White "Belmonte, Dulce"]
[Black "Pinilla Delgado, Sofia Ignacia"]
[Result "1-0"]
[WhiteElo "1562"]
[BlackElo "1844"]
[PlyCount "67"]
[EventDate "2017.09.17"]
[EventType "swiss"]
[EventRounds "11"]
[EventCountry "URU"]
[SourceTitle "CBM 180 Extra"]
[Source "ChessBase"]
[SourceDate "2017.10.06"]
[SourceVersion "1"]
[SourceVersionDate "2017.10.06"]
[SourceQuality "1"]

1. d4 d5 2. c4 e6 3. Nc3 Be7 4. cxd5 exd5 5. Qc2 Nf6 6. Bf4 c6 7. h3 0-0 8. Nf3 a5 9. e3 Na6 10. a3 Re8 11. Bd3 Bf8 12. 0-0 g6 13. Rab1 Nh5 14. Bh2 Ng7 15. Na2 Bf5 16. b4 Bxd3 17. Qxd3 axb4 18. axb4 Nc7 19. Nc3 Ra3 20. Qc2 Nf5 21. b5 Re7 22. bxc6 bxc6 23. Ne5 Ra6 24. Na4 Qe8 25. Nb6 Re6 26. Nxg6 Rxg6 27. Qxf5 Nb5 28. Nd7 Bg7 29. Be5 Qd8 30. Bxg7 Kxg7 31. Ne5 Rf6 32. Qg5+ Kf8 33. Nd7+ Qxd7 34. Qxf6 1-0

[Event "Wch U16 Girls"]
[Site "Montevideo"]
[Date "2017.09.18"]
[Round "2"]
[White "Pinilla Delgado, Sofia Ignacia"]
[Black "Hoshino, Karen M"]
[Result "0-1"]
[WhiteElo "1844"]
[BlackElo "1928"]
[PlyCount "64"]
[EventDate "2017.09.17"]
[EventType "swiss"]
[EventRounds "11"]
[EventCountry "URU"]
[SourceTitle "CBM 180 Extra"]
[Source "ChessBase"]
[SourceDate "2017.10.06"]
[SourceVersion "1"]
[SourceVersionDate "2017.10.06"]
[SourceQuality "1"]

1. e4 c5 2. Nf3 d6 3. d4 cxd4 4. Nxd4 Nf6 5. Nc3 a6 6. Bc4 e6 7. Bb3 Nbd7 8. Bg5 Nc5 9. Qe2 Be7 10. 0-0-0 Qc7 11. Rhe1 b5 12. f3 Bb7 13. Be3 0-0 14. g4 b4 15. Nb1 Nxb3+ 16. Nxb3 d5 17. g5 Nd7 18. exd5 Bxd5 19. f4 a5 20. Nd4 Bxa2 21. Nd2 Rfc8 22. Ne4 Nc5 23. Nxc5 Bxc5 24. Qf2 a4 25. Nb5 Qc6 26. Bxc5 Qxb5 27. Bd4 a3 28. Re3 Bd5 29. bxa3 bxa3 30. Ba1 a2 31. Kd2 Qa4 32. Rc1 Rc4 0-1

[Event "CHI-ch U20 Girls"]
[Site "Maipu"]
[Date "2017.02.09"]
[Round "6.2"]
[White "Pinilla Delgado, Sofia Ignacia"]
[Black "Lemus Pena, Macarena"]
[Result "0-1"]
[WhiteElo "1815"]
[BlackElo "1662"]
[PlyCount "48"]
[EventDate "2017.02.07"]
[EventType "swiss"]
[EventRounds "9"]
[EventCountry "CHI"]
[SourceTitle "EXT 2024"]
[Source "ChessBase"]
[SourceDate "2023.10.10"]
[SourceVersion "1"]
[SourceVersionDate "2023.10.10"]
[SourceQuality "1"]

1. e4 c5 2. Nf3 d6 3. d4 cxd4 4. Nxd4 Nf6 5. Nc3 a6 6. Bc4 e6 7. Bb3 Be7 8. g4 0-0 9. Be3 b5 10. g5 Ne8 11. Rg1 Bb7 12. Qg4 Nc7 13. Rg3 g6 14. 0-0-0 Nd7 15. Qh3 b4 16. Qh6 Re8 17. Rh3 Nf8 18. Nce2 Qd7 19. Ng3 d5 20. f4 Bd6 21. f5 exf5 22. exf5 Rxe3 23. f6 Ne8 24. Rg1 Rc8 0-1

[Event "CHI-ch U20 Girls"]
[Site "Maipu"]
[Date "2017.02.09"]
[Round "5.3"]
[White "Varela Varas, Patricia"]
[Black "Pinilla Delgado, Sofia Ignacia"]
[Result "0-1"]
[WhiteElo "1574"]
[BlackElo "1815"]
[PlyCount "82"]
[EventDate "2017.02.07"]
[EventType "swiss"]
[EventRounds "9"]
[EventCountry "CHI"]
[SourceTitle "EXT 2024"]
[Source "ChessBase"]
[SourceDate "2023.10.10"]
[SourceVersion "1"]
[SourceVersionDate "2023.10.10"]
[SourceQuality "1"]

1. e4 e5 2. d4 exd4 3. Qxd4 Nc6 4. Qe3 Nf6 5. Nc3 Bb4 6. Bd2 0-0 7. 0-0-0 Re8 8. Qg3 Nxe4 9. Nxe4 Rxe4 10. c3 Bf8 11. Bd3 Re8 12. f4 d6 13. Nf3 Qf6 14. Nh4 Be7 15. Rde1 Be6 16. Nf3 Bf5 17. Be2 Qe6 18. Bd3 Qd5 19. Nd4 Nxd4 20. cxd4 Bxd3 21. Qxd3 Qxa2 22. Bc3 Qd5 23. Rhf1 Bf6 24. Re3 Rxe3 25. Qxe3 Qxg2 26. Re1 h6 27. Re2 Qc6 28. d5 Qc5 29. Qxc5 dxc5 30. Bxf6 gxf6 31. Re7 Rc8 32. d6 cxd6 33. Rxb7 f5 34. Rxa7 Kg7 35. Ra6 Rd8 36. Kd2 Kf6 37. Kc3 Ke6 38. Rb6 Rg8 39. b4 cxb4+ 40. Rxb4 Rg2 41. Rb2 Rxb2 0-1

[Event "CHI-ch U20 Girls"]
[Site "Maipu"]
[Date "2017.02.08"]
[Round "4.3"]
[White "Pinilla Delgado, Sofia Ignacia"]
[Black "Manriquez Abarzua, Maria Belen"]
[Result "1-0"]
[WhiteElo "1815"]
[BlackElo "1575"]
[PlyCount "49"]
[EventDate "2017.02.07"]
[EventType "swiss"]
[EventRounds "9"]
[EventCountry "CHI"]
[SourceTitle "EXT 2024"]
[Source "ChessBase"]
[SourceDate "2023.10.10"]
[SourceVersion "1"]
[SourceVersionDate "2023.10.10"]
[SourceQuality "1"]

1. e4 e5 2. Nf3 Nc6 3. Nc3 Nf6 4. Bb5 a6 5. Ba4 b5 6. Bb3 Bc5 7. d3 h6 8. 0-0 0-0 9. Be3 Ba7 10. Nd5 d6 11. c3 Be6 12. Bxa7 Rxa7 13. Ne3 Ne7 14. Bc2 Ng6 15. d4 exd4 16. Nxd4 Bd7 17. Re1 c5 18. Ndf5 Bc6 19. Qxd6 Bxe4 20. Qxc5 Rc7 21. Qd6 Qc8 22. Bxe4 Nxe4 23. Qd4 Nf6 24. Nd5 Nxd5 25. Qxg7# 1-0

[Event "CHI-ch U20 Girls"]
[Site "Maipu"]
[Date "2017.02.07"]
[Round "1.2"]
[White "Altamirano Contador, Fernanda"]
[Black "Pinilla Delgado, Sofia Ignacia"]
[Result "0-1"]
[WhiteElo "1381"]
[BlackElo "1815"]
[PlyCount "80"]
[EventDate "2017.02.07"]
[EventType "swiss"]
[EventRounds "9"]
[EventCountry "CHI"]
[SourceTitle "EXT 2024"]
[Source "ChessBase"]
[SourceDate "2023.10.10"]
[SourceVersion "1"]
[SourceVersionDate "2023.10.10"]
[SourceQuality "1"]

1. e4 e5 2. d3 Nc6 3. g3 Nf6 4. Bg2 d5 5. Nd2 Bc5 6. Ngf3 Be6 7. 0-0 Qd7 8. Re1 Bd6 9. b3 0-0-0 10. Bb2 d4 11. Nc4 Rdg8 12. c3 Bxc4 13. bxc4 dxc3 14. Bxc3 Rd8 15. Ng5 Kb8 16. Rb1 h6 17. Nf3 Rhe8 18. a4 Bc5 19. Bf1 Nd4 20. Nxd4 Bxd4 21. Qb3 b6 22. h3 Bxc3 23. Qxc3 Qxa4 24. Ra1 Qd7 25. Qa3 c6 26. Red1 Qb7 27. Bg2 Rd4 28. f4 Nd7 29. Rd2 Nc5 30. fxe5 Rxe5 31. Qc3 Qd7 32. Rad1 f6 33. Bf1 Re6 34. Rb1 Nxe4 35. dxe4 Rxd2 36. Qf3 Qd4+ 37. Kh1 Rf2 38. Qg4 Qd2 39. Qxe6 Rh2+ 40. Kg1 Qf2# 0-1

[Event "CHI-ch (Women)"]
[Site "Santiago de Chile"]
[Date "2017.01.07"]
[Round "9"]
[White "Jorquera Cabello, Valentina Paz"]
[Black "Pinilla Delgado, Sofia Ignacia"]
[Result "1/2-1/2"]
[WhiteElo "2032"]
[BlackElo "1712"]
[PlyCount "91"]
[EventDate "2017.01.03"]
[EventType "swiss"]
[EventRounds "9"]
[EventCountry "CHI"]
[SourceTitle "CBM 176 Extra"]
[Source "ChessBase"]
[SourceDate "2017.03.02"]
[SourceVersion "1"]
[SourceVersionDate "2017.03.02"]
[SourceQuality "1"]

1. e4 c6 2. d3 d5 3. Nd2 g6 4. Ngf3 Bg7 5. e5 Nh6 6. d4 b6 7. Nb3 Ba6 8. Bxa6 Nxa6 9. Bf4 e6 10. Qe2 Qc8 11. h4 Nf5 12. h5 Nc7 13. g4 Ne7 14. h6 Bf8 15. Ng5 Ng8 16. Nf3 Qa6 17. Qe3 0-0-0 18. c3 Re8 19. a4 Be7 20. g5 Bd8 21. Qd2 Ne7 22. a5 Nf5 23. axb6 Qxb6 24. Nc5 Be7 25. b4 Bxc5 26. bxc5 Qb7 27. 0-0 Nb5 28. Rfb1 Kd7 29. Qd3 Ra8 30. c4 dxc4 31. Qxc4 a5 32. Ra4 Ra7 33. Rba1 Rha8 34. Bd2 Qc7 35. Qa2 Qb7 36. Qb1 Qc7 37. R1a2 Ke7 38. Qa1 Qd7 39. Bxa5 Qd5 40. Bd8+ Kxd8 41. Rxa7 Rxa7 42. Rxa7 Nxa7 43. Qxa7 Qxf3 44. Qb8+ Kd7 45. Qb7+ Kd8 46. Qb8+ 1/2-1/2

[Event "CHI-ch (Women)"]
[Site "Santiago de Chile"]
[Date "2017.01.04"]
[Round "3"]
[White "Santana Gonzalez, Valentina"]
[Black "Pinilla Delgado, Sofia Ignacia"]
[Result "0-1"]
[WhiteElo "1636"]
[BlackElo "1712"]
[PlyCount "64"]
[EventDate "2017.01.03"]
[EventType "swiss"]
[EventRounds "9"]
[EventCountry "CHI"]
[SourceTitle "CBM 176 Extra"]
[Source "ChessBase"]
[SourceDate "2017.03.02"]
[SourceVersion "1"]
[SourceVersionDate "2017.03.02"]
[SourceQuality "1"]

1. c4 e6 2. Nc3 Be7 3. g3 Nf6 4. Bg2 d5 5. cxd5 exd5 6. d4 c6 7. Nf3 Bf5 8. 0-0 0-0 9. Nh4 Be6 10. Qc2 Qc8 11. Re1 Re8 12. e4 dxe4 13. Nxe4 Nd5 14. Ng5 Bxg5 15. Bxg5 h6 16. Bd2 Na6 17. a3 Qd7 18. Rad1 Rad8 19. Be4 Nf6 20. Bf5 Bxf5 21. Nxf5 Nc7 22. Bb4 Ncd5 23. Bc3 Nh7 24. Ne3 Ng5 25. Re2 Qh3 26. Nf1 Nf3+ 27. Kh1 Nf6 28. Re3 Nxh2 29. Nxh2 Ng4 30. Rxe8+ Rxe8 31. f3 Ne3 32. Qd3 Qg2# 0-1

[Event "South America-ch U16 Girls 13th"]
[Site "Santiago de Chile"]
[Date "2016.12.03"]
[Round "4"]
[White "Solis Chimoy, Blanca de Lourdes"]
[Black "Pinilla Delgado, Sofia Ignacia"]
[Result "1-0"]
[WhiteElo "1780"]
[BlackElo "1722"]
[PlyCount "27"]
[EventDate "2016.12.01"]
[EventType "swiss"]
[EventRounds "9"]
[EventCountry "CHI"]
[SourceTitle "EXT 2018"]
[Source "ChessBase"]
[SourceDate "2017.10.13"]
[SourceVersion "1"]
[SourceVersionDate "2017.10.13"]
[SourceQuality "1"]

1. d4 d5 2. Nf3 Nf6 3. Bf4 c5 4. e3 Nc6 5. Nc3 e6 6. Nb5 Nh5 7. Nc7+ Ke7 8. Nxa8 Nxf4 9. exf4 Bd7 10. dxc5 Qxa8 11. Qd2 a5 12. c4 Qa7 13. cxd5 Qxc5 14. dxe6 1-0

[Event "Antofagasta Zicosur op 2nd"]
[Site "Antofagasta"]
[Date "2016.01.09"]
[Round "8"]
[White "Pinilla Delgado, Sofia Ignacia"]
[Black "Torres Chavez, Pablo"]
[Result "1-0"]
[WhiteElo "1771"]
[BlackElo "1802"]
[PlyCount "93"]
[EventDate "2016.01.05"]
[EventType "swiss"]
[EventRounds "9"]
[EventCountry "CHI"]
[SourceTitle "CBM 170 Extra"]
[Source "ChessBase"]
[SourceDate "2016.02.25"]
[SourceVersion "1"]
[SourceVersionDate "2016.02.25"]
[SourceQuality "1"]

1. e4 c5 2. Nc3 Nc6 3. g3 g6 4. Bg2 Bg7 5. Nge2 d6 6. 0-0 f5 7. d3 Nf6 8. h3 0-0 9. Be3 Rb8 10. Qd2 Bd7 11. Bh6 Qc8 12. Bxg7 Kxg7 13. Kh2 b5 14. Rae1 Ne5 15. f4 Nc6 16. exf5 Bxf5 17. g4 Bd7 18. Ng3 e6 19. Nce4 Qc7 20. Nxf6 Rxf6 21. Ne4 Rff8 22. g5 Nd4 23. Nf6 h6 24. Kg1 Rf7 25. c3 Nf5 26. Qf2 d5 27. Re2 h5 28. Rfe1 Rb6 29. Rxe6 Rxe6 30. Rxe6 Bxe6 31. Ne8+ Kf8 32. Nxc7 Rxc7 33. Qe1 Re7 34. Qe5 d4 35. Qf6+ Ke8 36. Qxg6+ Kd7 37. Be4 Nd6 38. Qxh5 Nxe4 39. dxe4 d3 40. Qd1 c4 41. f5 Bg8 42. f6 Rxe4 43. g6 Be6 44. f7 Ke7 45. Qh5 Re1+ 46. Kf2 d2 47. Qg5+ 1-0

[Event "Antofagasta Zicosur op 2nd"]
[Site "Antofagasta"]
[Date "2016.01.09"]
[Round "7"]
[White "Poblete Rojas, Pablo"]
[Black "Pinilla Delgado, Sofia Ignacia"]
[Result "1-0"]
[WhiteElo "1999"]
[BlackElo "1771"]
[PlyCount "83"]
[EventDate "2016.01.05"]
[EventType "swiss"]
[EventRounds "9"]
[EventCountry "CHI"]
[SourceTitle "CBM 170 Extra"]
[Source "ChessBase"]
[SourceDate "2016.02.25"]
[SourceVersion "1"]
[SourceVersionDate "2016.02.25"]
[SourceQuality "1"]

1. e4 e5 2. Nf3 Nc6 3. d4 exd4 4. Nxd4 Bc5 5. Be3 Qf6 6. c3 Nge7 7. Bc4 a6 8. 0-0 0-0 9. b4 Bxd4 10. cxd4 Nxb4 11. Qb3 Nbc6 12. e5 Qh4 13. Qc3 Nf5 14. f4 d6 15. Nd2 dxe5 16. g3 exd4 17. Bxd4 Qd8 18. Bc5 Nd6 19. Nf3 Ne4 20. Qa3 Nxc5 21. Qxc5 Bg4 22. Bd5 Bd7 23. Rab1 Rb8 24. Rfe1 b6 25. Qc4 b5 26. Qc5 Rb6 27. Rbc1 h6 28. Red1 Qf6 29. Be4 Be8 30. Bh7+ Kxh7 31. Qxf8 Rb8 32. Qc5 Rd8 33. Rxd8 Qxd8 34. Ne5 Nxe5 35. Qxe5 c6 36. Qe4+ Kh8 37. f5 Qb6+ 38. Kg2 Qd8 39. Re1 Bd7 40. Rd1 Qc8 41. Qe7 Qe8 42. Rxd7 1-0

[Event "Pan American-ch U14 Girls"]
[Site "Cali"]
[Date "2015.06.30"]
[Round "4"]
[White "Cayon, Laura Valentina"]
[Black "Pinilla Delgado, Sofia Ignacia"]
[Result "1-0"]
[WhiteElo "1557"]
[BlackElo "1792"]
[PlyCount "85"]
[EventDate "2015.06.28"]
[EventType "swiss"]
[EventRounds "9"]
[EventCountry "COL"]
[SourceTitle "EXT 2016"]
[Source "ChessBase"]
[SourceDate "2015.10.08"]
[SourceVersion "1"]
[SourceVersionDate "2015.10.08"]
[SourceQuality "1"]

1. d4 Nf6 2. c4 e6 3. Nc3 Bb4 4. Bd2 b6 5. Nf3 Bb7 6. g3 0-0 7. Bg2 d6 8. 0-0 Bxc3 9. Bxc3 Ne4 10. Bb4 Nd7 11. b3 f5 12. Qc1 Rf7 13. Ng5 Rf6 14. Nxe4 fxe4 15. Qd2 d5 16. Rac1 Rc8 17. f4 exf3 18. Bxf3 Nf8 19. Bg2 h6 20. Rxf6 Qxf6 21. Rf1 Qg6 22. Qf4 Nd7 23. cxd5 Bxd5 24. Bxd5 exd5 25. Rc1 c5 26. Bc3 Qe6 27. Qd2 Nf6 28. Bb2 Ne4 29. Qd3 Re8 30. Re1 Rd8 31. Ba1 Qh3 32. Rf1 Qe6 33. e3 Re8 34. Bb2 g5 35. Rf3 h5 36. Qe2 Re7 37. Kg2 Qg4 38. Qf1 Qc8 39. Rf5 Qe8 40. Qf3 Rh7 41. dxc5 bxc5 42. Qd1 Rd7 43. Qxh5 1-0

[Event "CHI-ch (Women)"]
[Site "Santiago de Chile"]
[Date "2015.01.15"]
[Round "5"]
[White "Gomez Barrera, Javiera Belen"]
[Black "Pinilla Delgado, Sofia Ignacia"]
[Result "1/2-1/2"]
[WhiteElo "1783"]
[BlackElo "1793"]
[PlyCount "54"]
[EventDate "2015.01.13"]
[EventType "swiss"]
[EventRounds "9"]
[EventCountry "CHI"]
[SourceTitle "CBM 164 Extra"]
[Source "ChessBase"]
[SourceDate "2015.03.02"]
[SourceVersion "1"]
[SourceVersionDate "2015.03.02"]
[SourceQuality "1"]

1. e4 e5 2. Nf3 Nc6 3. Bb5 d6 4. d4 Bd7 5. Nc3 Nf6 6. 0-0 exd4 7. Nxd4 Nxd4 8. Qxd4 Bxb5 9. Nxb5 a6 10. Nc3 Be7 11. Be3 0-0 12. h3 Qd7 13. Rad1 Rad8 14. Rfe1 Rfe8 15. Bg5 Qc6 16. Nd5 Nxd5 17. exd5 Qd7 18. Bxe7 Rxe7 19. Rxe7 Qxe7 20. Qe3 Re8 21. Qxe7 Rxe7 22. Rd3 f5 23. f3 Kf7 24. Kf2 Kf6 25. Rb3 b6 26. Rc3 g5 27. g3 h5 1/2-1/2